[Event "Stockholm op"]
[Site "Stockholm"]
[Date "2015.08.17"]
[Round "1"]
[White "Tropov, Oleg"]
[Black "Westerberg, Jonathan"]
[Result "0-1"]
[WhiteElo "1835"]
[BlackElo "2464"]
[PlyCount "67"]
[EventDate "2015.08.17"]
[EventType "swiss"]
[EventRounds "9"]
[EventCountry "SWE"]
[SourceTitle "EXT 2016"]
[Source "ChessBase"]
[SourceDate "2015.10.08"]
[SourceVersion "1"]
[SourceVersionDate "2015.10.08"]
[SourceQuality "1"]

1. e4 c5 2. Nf3 Nc6 3. d4 cxd4 4. Nxd4 Nf6 5. Nc3 e6 6. Be3 Bb4 7. Bd3 d5 8. Nxc6 bxc6 9. exd5 Nxd5 10. Bd2 0-0 11. 0-0 Be7 12. Qf3 Nb4 13. Rad1 Nxd3 14. cxd3 Rb8 15. b3 c5 16. Bf4 Rb4 17. Qe3 Ba6 18. Rd2 Rxf4 19. Qxf4 Bg5 20. Qa4 Bxd2 21. Qxa6 Bxc3 22. Qxa7 Qd5 23. Qb6 h6 24. Qb5 Rd8 25. h3 Qf5 26. Rd1 Bd4 27. Rf1 Qf4 28. Qc4 Rd5 29. a4 Rg5 30. Kh1 Qd2 31. Qa6 Kh7 32. Kg1 Qe2 33. Qa8 Qxd3 34. Kh2 0-1